000 00346nam a22001457a 4500
008 211019b ||||| |||| 00| 0 eng d
020 _a9781401839659
041 _aeng
080 _a610.73
082 _a610.73
100 _a2
101 _aINF
245 _aPublic Health Nursing Leadership, Policy & Practice
_cIvanov,L.L
942 _2udc
_cBK
999 _c58267
_d58267